Crash course JEE (Main) /AIEEE physics : (Record no. 74311)

MARC details
000 -LEADER
fixed length control field 00670nam a22001937a 4500
005 - DATE AND TIME OF LATEST TRANSACTION
control field 20130430154149.0
008 - FIXED-LENGTH DATA ELEMENTS--GENERAL INFORMATION
fixed length control field 130408b xxu||||| |||| 00| 0 eng d
010 ## - LCCN (DPL NO)
LC control number ENG-106847
020 ## - INTERNATIONAL STANDARD BOOK NUMBER
International Standard Book Number 9789350570067
Terms of availability 450.00
035 ## - SYSTEM CONTROL NUMBER
System control number EN-90380
037 ## - SOURCE OF ACQUISITION
Source of stock number/acquisition DBAD/PUB
040 ## - CATALOGING SOURCE
Original cataloging agency DPL
Language of cataloging Eng
082 ## - DEWEY DECIMAL CLASSIFICATION NUMBER
Classification number 530
245 ## - TITLE STATEMENT
Title Crash course JEE (Main) /AIEEE physics :
Remainder of title based on the latest syllabus of JEE (Main)/AIEEE /
260 ## - PUBLICATION, DISTRIBUTION, ETC. (IMPRINT)
Place of publication, distribution, etc New Delhi
Name of publisher, distributor, etc V& S Publishers
Date of publication, distribution, etc 2013
270 ## - ADDRESS
Address F-2/16, Anasari Road, Daryaganj Vihar
City New Delhi
Postal code 110002
Telephone number 23240026
Fax number 011- 23240028
Electronic mail address info@vspublishers.com
300 ## - PHYSICAL DESCRIPTION
Extent xxxv,396p.
Dimensions 25cm (pbK)
942 ## - ADDED ENTRY ELEMENTS (KOHA)
Source of classification or shelving scheme Dewey Decimal Classification
Item type English Books
Call number suffix CRA
Classification part 530
Holdings
Withdrawn status Lost status Source of classification or shelving scheme Damaged status Not for loan Collection code Home library Current library Date acquired Source of acquisition Cost, normal purchase price Total Checkouts Full call number Barcode Date last seen Copy number Cost, replacement price Koha item type
    Dewey Decimal Classification   Not For Loan Non-fiction D.B.Act.Division D.B.Act.Division 08/04/2013 DBAD / PUB 450.00   530 CRA EN-90380 08/04/2013 1 450.00 English Books

© Delhi Public Library
Hit Counter
free hit counter